000 00395nam a2200133Ia 4500
003 GCL
008 140319s9999 xx 000 0 ara d
040 _aGCL /
_cGCL
082 0 4 _a372.86
_bع ط
245 1 0 _aطرق التدريس فى التربية البدانية والرياضة
260 _a[S.N] :
_bمنشاة المعارف الاسلامية ،
_c1993
300 _a529 ص
490 _a
999 _c32177
_d32177